000 00783nam a22002057a 4500
999 _c14190
_d14190
003 AR-CdUCM
008 190422b ||||| |||| 00| 0 eng d
040 _aMUNICIPALIDAD PROVINCIAL DEL CUSCO
_cBIBLIOTECA MUNICIPAL DEL CUSCO
082 _a958 /
_bJ72
100 _aIl Jong, Kim
_932863
245 _aOn further developing educational work /
260 _aCorea :
_bLenguas extranjeras Pyongyang,
_c1984.
300 _a33 paginas ;
_c18 cm.
505 _aContenido : further development of education is an important requirement of our revolution -- On improving thr quality of universal eleven-year compulsory education...
650 _aEstado
_9738
650 _aConditions for education
_932864
650 _aCorea
_91036
942 _2ddc
_cFOLLETOS
945 _awnts
_d2019-04-22